Responses for show #7429 - Thursday, December 22, 2016

Contestants

[<< previous game]

Brad Snyder, a consulting electrical engineer from Port Deposit, Maryland

Amelia Reinwald, an abuse prevention educator from Irving, Texas

Sam Scovill, a G.I.S. technician from Oklahoma City, Oklahoma (whose 1-day cash winnings total $22,001)

[next game >>]

Jeopardy! Round responses

MEET THE BEAGLES
CHEMISTRY
DOUBLE L
(Alex: Just like Jeopardy!, we'll deal with...)
TV SHOWS THAT DEBUTED IN 1984
THE WEDDING RECEPTION
OUT OF TOWN GUESTS
    $200 6
rabbits

Sam
    $200 16
light

Brad
    $200 21
vanilla

Sam
    $200 1
Transformers

Amelia
    $200 11
Wisconsin

Sam
    $400 7
Darwin

Sam
    $400 17
a covalent bond

Brad
    $400 22
an allegory

Sam
    $400 2
Murder, She Wrote

Sam
    $400 12
Chihuahua

Sam
    $600 8
Underdog

Sam
    $600 18
(Sam: What are CFCs?)

Freons

SamBrad
    $600 23
(Alex: That's right, with less than a minute to go.)

malleable

Sam
    $600 3
Jim Carrey

Brad
    $600 13
Bolivia

Amelia
    $800 9
Met Life

Sam
    $800 19
an enzyme

Triple Stumper
    $800 25
collars

Amelia
    $800 4
a helicopter

Brad
    $800 27
[The end-of-round signal sounds.]

Jordan almonds

Sam
    $800 14
the Gobi

Sam
    $1000 10
black & tan

Amelia
    $1000 20
assaying

Brad
    $1000 26
(Amelia: What is mollify?)

quell

Amelia
Triple Stumper
    $1000 5
Lifestyles of the Rich and Famous

Amelia
    $1000 24
couscous

Brad
    $1,000 15
South Africa

Sam

Scores at the first commercial break (after clue 15):

Sam Amelia Brad
$4,800 $2,800 $1,400

Scores at the end of the Jeopardy! Round:

Sam Amelia Brad
$6,200 $2,600 $4,600

Double Jeopardy! Round responses

COME FLY WITH ME
(Alex: Frank Sinatra's hit song.)
ACTORS & ACTRESSES
NICARAGUA
PRESIDENTIAL LOSERS
THE NEW YORK TIMES 2016 BESTSELLERS
SPELL IT WITH STATE ABBREVIATIONS
(Alex: You have to give us the two states whose abbreviations, uh, wind up as the correct response to the clue.)
    $400 12
Air Canada

Sam
    $400 1
Ben Affleck

Sam
    $400 15
Managua

Brad
    $400 7
Bob Dole

Sam
    $400 25
[The end-of-round signal sounds.]

John Grisham

Brad
    $400 6
Colorado & Louisiana (CO & LA)

Amelia
    $800 13
Sri Lanka

Brad
    $800 2
Mark Ruffalo

Sam
    $800 16
the Pan-American Highway

Triple Stumper
    $800 8
(Adlai) Stevenson

Sam
    $800 22
(Sam: What is NE and WS?)

Virginia & Nebraska (VA & NE)

SamBrad
    $1200 14
Spirit

Amelia
    $1200 3
My Big Fat Greek Wedding

Brad
    $1200 17
the Mosquito Coast

Brad
    $1,200 9
John McCain

Sam
    $1,600 23
(Alex: Less than a minute.)

Rhode Island & North Dakota (RI & ND)

Brad
    $1600 20
(Sam: What is Pan-Am?)

Hawaiian Airlines

Sam
Triple Stumper
    $1600 4
Alicia Vikander

Triple Stumper
    $1600 18
Daniel Ortega

Triple Stumper
    $1600 10
(Sam: Who is Harrison?
(Alex: Which one?)

Benjamin Harrison

Sam
    $1600 24
Michigan & Maine (MI & ME)

Sam
    $2000 21
El Al

Brad
    $2000 5
Maleficent

Amelia
    $2000 19
(Sam: What is Panama?)
(Brad: What is Honduras?)

Costa Rica

SamBrad
Triple Stumper
    $2000 11
Alf Landon

Triple Stumper

Scores at the end of the Double Jeopardy! Round:

Sam Amelia Brad
$9,000 $6,200 $7,800

[wagering suggestions for these scores]

Final Jeopardy! Round responses

LITERARY INSPIRATIONS
(Alex: The White City was an inspiration for another famous city, though not a white one.)
...
(Alex: [To Sam] [*], who wrote about the Emerald City in The Wizard of Oz.
AmeliaWho is Carroll?
$6,200
BradWho is Carl Sandburg?
$7,800
SamWho is Baum?
$7,801
L. Frank Baum

Final scores:

Sam Amelia Brad
$16,801 $0 $0
2-day champion: $38,802 3rd place: $1,000 2nd place: $2,000

Game dynamics:

Coryat scores:

Sam Amelia Brad
$9,000 $6,200 $9,400
21 R
(including 2 DDs),
4 W
8 R,
1 W
14 R,
2 W
(including 1 DD)

Combined Coryat: $24,600

The J! Archive is created by fans, for fans. The Jeopardy! game show and all elements thereof, including but not limited to copyright and trademark thereto, are the property of Jeopardy Productions, Inc. and are protected under law. This website is not affiliated with, sponsored by, or operated by Jeopardy Productions, Inc. Join the discussion at JBoard.tv.